Geological disposal of radioactive waste review of developments in the last decade

Salvato in:
Dettagli Bibliografici
Natura: Libro
Lingua:inglese
Pubblicazione: Paris OECD 1999
Serie:Radioactive Waste Management
Soggetti:
Tags: Aggiungi Tag
Nessun Tag, puoi essere il primo ad aggiungerne!!

MARC

LEADER 00000nam a2200000 4500
001 c121998
005 20221221084337.5
020 |a 92-64-17194-0 
041 0 |a eng 
044 |a FR 
245 1 0 |a Geological disposal of radioactive waste  |b review of developments in the last decade 
264 1 |a Paris  |b OECD  |c 1999 
300 |a 106 s. 
490 1 |a Radioactive Waste Management 
830 0 |a Radioactive Waste Management 
610 2 0 |a odpad 
610 2 0 |a geológia 
610 2 0 |a rádioaktivita 
610 2 0 |a technika jadrová 
610 2 0 |a znečistenie pôdy 
610 2 0 |a znečistenie prostredia životného 
610 2 0 |a znečistenie vôd 
610 2 0 |a OECD